banner koha

PROCODER - Boletin Informativo (Registro n. 4622)

MARC details
000 -LÍDER
campo de controle de tamanho fixo 00770aas a2200205 4500
003 - IDENTIFICADOR DO NÚMERO DE CONTROLE
campo de controle BR-BrBNA
005 - DATA E HORÁRIO DA ÚLTIMA TRANSAÇÃO
campo de controle 20230317234237.0
007 - CAMPO FIXO DE DESCRIÇÃO FÍSICA--INFORMAÇÃO GERAL
campo de controle de tamanho fixo ta
008 - CAMPO DE DADOS FIXOS--INFORMAÇÃO GERAL
campo de controle de tamanho fixo 230119b bl ||||| |||| 00| 0 por d
040 ## - FONTE DA CATALOGAÇÃO
Instituição da catalogação original BR-BrBNA
Idioma da catalogação Spa
Instituição que transcreveu o registro BR-BrBNA
044 ## - CÓDIGO DO PAÍS DA EMPRESA DE PUBLICAÇÃO/PRODUÇÃO
Código MARC - País bl
245 ## - TÍTULO
Título PROCODER - Boletin Informativo
Indicação de responsabilidade, etc. Programa Cooperativo de Desarrollo Rural para los Paises del Area Sur
260 ## - PUBLICAÇÃO, DISTRIBUIÇÃO, ETC.
Local de publicação, distribuição, etc. Santiago, CL
Nome do editor, distribuidor, etc. Programa Cooperativo de Desarrollo Rural para los Paises del Area Sur
Data da publicação, distribuição, etc. 1994
Local da manufatura CL
270 ## - ENDEREÇO
Endereço IICA; Apdo Postal 244, Correo 34, Santiago (Chile)/ Telefono: (562)246-6335/ Fax: (562)201-1415
310 ## - FREQUÊNCIA ATUAL DA PUBLICAÇÃO
Frequência atual de publicação trimestral (de três em três meses)
505 ## - NOTA DE CONTEÚDO FORMATADO
Nota de conteúdo formatado 1994 3(8);
650 12 - ASSUNTO--TERMO TÓPICO
Miscelânea AGRICULTURA; COOPERATIVISMO; PROJETO DE DESENVOLVIMENTO
909 ## -
-- 56
-- Sergio Santos
-- 56
-- Sergio Santos
942 ## - ELEMENTOS DE ENTRADA ADICIONADOS (KOHA)
Tipo de material Koha Periódicos
Fonte da classificação ou esquema de arquivamento na estante Classificação AGRIS
Exemplares
Situação do descarte Fonte da classificação ou esquema de arquivamento na estante Situação física Não pode ser emprestado Coleção Biblioteca de origem Biblioteca atual Enumeração do periódico / cronologia Total de empréstimos Código de barras Data de último acesso Tipo de material Koha Situação das perdas
  Classificação AGRIS   Consulta local Periódicos agrícolas Biblioteca Nacional de Agricultura - Binagri Biblioteca Nacional de Agricultura - Binagri 1994 3(8)   2023-40481 01/03/2023 Periódicos  

BINAGRI

Telefone: (61)3218-2567/2388/3357/2097 - binagri@agro.gov.br

Ministério da Agricultura e Pecuária , Esplanada dos Ministérios, Bloco D, Anexo B, Brasília/DF, CEP: 70.043-900